Cooperación internacional y concertación regional /

sin resumen

Tallennettuna:
Bibliografiset tiedot
Päätekijä: Rodríguez Arriaga, Manuel
Aineistotyyppi: Teksti
Aiheet:
Tagit: Lisää tagi
Ei tageja, Lisää ensimmäinen tagi!

MARC

LEADER 00000 a a2200000 04500
001 16474
003
040
100 |a Rodríguez Arriaga, Manuel  
245 |a Cooperación internacional y concertación regional /  |c Manuel Rodríguez Arriaga 
520 |a sin resumen  
650 |a COOPERACION INTERNACIONAL  
650 |a COOPERACION TECNICA  
650 |a COOPERACION CULTURAL  
650 |a POLITICA EXTERIOR  
773 |g volumen 5, número 21; páginas 18-21  
999 |c 35456  |d 35456 
773 0 |0 43255  |9 6269  |a Instituto Matías Romero de Estudios Diplomáticos  |d México D.F.: Instituto Matías Romero de Estudios Diplomáticos, 1983-  |o MFN: 1720  |t Revista Mexicana de Política Exterior/  |x 01856022